Lemberg

Titel: Lemberg : die vergessene Mitte Europas / Lutz C. Kleveman
Verfasser:
Ausgabe: 1. Auflage
Veröffentlicht: Berlin : Aufbau, 2017
Umfang: 315 Seiten : Illustrationen, Karten
Format: Buch
Sprache: Deutsch
RVK-Notation:
Schlagworte:
ISBN: 335103668X ; 9783351036683
Buchumschlag
X
alg: 39998266
001A    $00034:25-02-17 
001B    $01999:02-12-25 $t14:55:22.000 
001D    $03004:30-03-17 
001U    $0utf8 
001X    $00 
002@    $0Aau 
002C    $aText $btxt $2rdacontent 
002D    $aohne Hilfsmittel zu benutzen $bn $2rdamedia 
002E    $aBand $bnc $2rdacarrier 
003@    $0399982663 
003O    $0982054244 $aOCoLC 
004A    $03-351-03668-X 
004A    $A978-3-351-03668-3 $fHardcover : EUR 24.00 
004K    $09783351036683 
006C    $0964393294 $aOCoLC 
006G    $01119168341 
006H    $0TOCNEUA1714 $2DNB 
006T    $016,N47 
006U    $017,A24 $f20161115 
007A    $01119168341 $aDNB 
007G    $0DE0200EC97F9AFD32C312C12580F80035B231 
009P    $qtext/html $A2 $3Inhaltstext $uhttps://deposit.dnb.de/cgi-bin/dokserv?id=0d4d8e4ea6914f09809718f6ddd2297f&prov=M&dok_var=1&dok_ext=htm $mX:MVB 
009P    $qapplication/pdf $A2 $3Inhaltsverzeichnis $uhttps://scans.hebis.de/HEBCGI/show.pl?39998266_toc.pdf $mV:DE-603;B:DE-Mb50 
010@    $ager 
010E    $erda 
011@    $a2017 $n2017 
021A    $aLemberg $ddie vergessene Mitte Europas $hLutz C. Kleveman 
028A    $BVerfasser $#Kleveman, Lutz C. $#Kleveman, Lutz K. $#Kleveman, Lutc K. $4aut $7124091652 $8Kleveman, Lutz$Z1974- [Tp1] $9154853402 
032@    $a1. Auflage 
033A    $pBerlin $nAufbau 
034D    $a315 Seiten 
034M    $aIllustrationen, Karten 
037A    $aHier auch später erschienene, unveränderte Nachdrucke 
037A    $aLiteraturverzeichnis: Seite 306-313 
039U    $aRezensiert in $8--Oou--Höpfner, Hans-Paul$Z1953- [Tp6]. [Kleveman, Lutz: Lemberg], 2017. - DOI 10.3790/hpb.65.4-6.497 $9493383360 
039U    $aRezensiert in $8--Oou--Weise, Christian$Z1960- [Tp1]. Stadt im Strudel, 2018. - 1 Illustration $9505051915 
039U    $aRezensiert in $8--Oou--Kessler, Samuel Joseph [Tp3]. [Kleveman, Lutz: Lemberg], 2018 $9507423984 
044K    $qDNB $#Lemberg $#Львів $#Leontopolis $#Leopolis $#Leopoli $#Léopol $#Lwów $#Lwow $#L'vov $#Lwiw $#L'viv $#Lʹviv vor 1919 $#Lviv $#Lvovas $74035304-7 $8Lemberg [Tg1] $9085095230 
045B    $a900 
045E    $c940 
045F    $a307.094380904 $eDDC23BSB 
045F/01 $a307.09 
045F/03 $f0904 
045F/03 $g438 
045F/03 $g477 
045R    $aGeschichte 
045Z    $8NQ 2360 [Tkv] $9410912263 
045Z    $8NR 8618 [Tkv] $9410930733 
045Z    $8NY 4780 [Tkv] $9410953474 
045Z    $8NY 4770 [Tkv] $9410953466 

lok: 39998266 6
101B    $013-11-18 $t09:19:13.000 
101C    $013-11-18 
101U    $0utf8 
147A    $amö 

exp: 39998266 6 1 #EPN
201B/01 $013-11-18 $t09:19:13.000 
201C/01 $013-11-18 
201U/01 $0utf8 
203@/01 $01034370448 
208@/01 $a13-11-18 $bz 
209A/01 $a18 A 1646 $du $f042 $x00 
209C/01 $a18/4990 
209G/01 $a03481786 $x00 
247C/01 $8608042-x Frankfurt, Bibliothek der Philosophisch-Theologischen Hochschule St. Georgen, Frankfurt $9102601038 

lok: 39998266 11

exp: 39998266 11 1 #EPN
201B/01 $023-08-17 $t15:25:15.000 
201C/01 $008-08-17 
201U/01 $0utf8 
203@/01 $01005813361 
208@/01 $a23-08-17 $bz 
209A/01 $a60 17 A 2360 $du $f100 $x00 
209B/01 $a020/1708 $x05 
209G/01 $a83890312 $x00 
247C/01 $8620100-3 <43>Wiesbaden, Hochschul- und Landesbibliothek RheinMain, Rheinstraße $9102599572 

lok: 39998266 23

exp: 39998266 23 1 #EPN
201B/01 $025-10-24 $t13:11:09.000 
201C/01 $025-02-17 
201U/01 $0utf8 
203@/01 $0801767679 
208@/01 $a24-04-17 $bz 
209A/01 $a35 NR 8618 K64 $du $f030 $hNR 8618 K64 $x00 
209G/01 $a27816258 $x00 
247C/01 $8352030-4 <34/30>Kassel, UB Kassel, Standort Brüder-Grimm-Platz, Landesbibliothek und Murhardsche Bibliothek der Stadt Kassel $9102599475 

lok: 39998266 24

exp: 39998266 24 1 #EPN
201B/01 $030-03-17 $t12:25:40.000 
201C/01 $022-03-17 
201U/01 $0utf8 
203@/01 $0803378904 
208@/01 $a30-03-17 $bz 
209A/01 $a17.01235 $du $f050 $h17 01235 $x00 
209C/01 $a17.01235 K $h17 01235 K 
209G/01 $a73737788 $x00 
220C/01 $ahae 
247C/01 $8358050-7 Marburg, Bibliothek des Herder-Instituts Marburg $9102600961 

lok: 39998266 66

exp: 39998266 66 1 #EPN
201B/01 $007-04-17 $t12:07:44.000 
201C/01 $007-04-17 
201U/01 $0utf8 
203@/01 $0804218056 
208@/01 $a07-04-17 $bz 
209A/01 $aG Klev/L $du $f000 $x00 
209C/01 $a17c413 
247C/01 $8618123-5 Darmstadt, Bibliothek des Deutschen Polen-Instituts $9102600902 

lok: 39998266 76

exp: 39998266 76 1 #EPN
201B/01 $002-03-20 $t09:33:39.000 
201C/01 $014-02-20 
201U/01 $0utf8 
203@/01 $01081972491 
208@/01 $a14-02-20 $bz 
209A/01 $a2020:0470 $du $f000 $h2020 0470 $x00 
209C/01 $a2020:0470 $h2020 0470 
209G/01 $aFUL2$1304473 $x00 
209G/01 $aMagazin $x01 
237A/01 $a3. Auflage 2019 
247C/01 $8648002-0 Fulda, Bibliothek des Bischöflichen Priesterseminars $9320103366 

lok: 39998266 78

exp: 39998266 78 1 #EPN
201B/01 $011-08-17 $t13:18:38.000 
201C/01 $011-08-17 
201U/01 $0utf8 
203@/01 $01005953287 
208@/01 $a11-08-17 $be 
209A/01 $a/ $f000 $x00 
209A/01 $ab*p $x01 
220C/01 $apgar 
244Z/01 $#Generalgouvernement Polen $#Polska $#Rzeczpospolita Polska $#Polska Rzeczpospolita Ludowa $#Poland $#Pologne $#République Polonaise $#Generalne Gubernatorstwo w Polsce $#Polish People's Republic $#Polska Rzeczpospolita Polen $#PRL $#RP $#Polen Generalgouvernement $#Polska Generalgouvernement $#Besetzte Polnische Gebiete $#Besetztes Gebiet in Polen $#Okupowane Polskie Obszary $#Obszary Okupowane w Polsce $#Volksrepublik Polen $#Polska Rosyjska $#Republic Polen $#Respublika Pol'ša $#Pol'skaja Narodnaja Respublika $#République de Pologne $#Polen Links der Weichsel $#Polska po Lewej Stronie Wisły $#Lenkija $#Polija $#Gubernija Carstva Pol'skago $#Republik Polen $74046496-9 $8--Tg1--Polen $x01 $9085129801 
247C/01 $82080>Marburg/Lahn, Herder-Institut, Forschungsbibliothek, Bibliographieportal $9336309341 

lok: 39998266 204

exp: 39998266 204 1 #EPN
201B/01 $010-05-17 $t12:56:47.000 
201C/01 $002-03-17 
201U/01 $0utf8 
203@/01 $0802000851 
208@/01 $a10-05-17 $bzUB 
209A/01 $a000 NR 8618 K64 $du $f000 $x00 
209G/01 $a62079606 $x00 
245S/01 $a10200 $x01 
247C/01 $8631000-x <26>Gießen, Universität Gießen, Universitätsbibliothek Gießen $9102596697
LEADER 00000cam a2200000 c 4500
001 399982663
003 DE-603
005 20251202145522.0
007 tu
008 170225s2017 xx |||| | u00||u|ger
015 |a 17,A24  |z 16,N47  |2 dnb 
016 7 |2 DE-101  |a 1119168341 
020 |a 335103668X 
020 |a 9783351036683  |c Hardcover : EUR 24.00 
024 3 |a 9783351036683 
035 |a (DE-599)DNB1119168341 
035 |a (OCoLC)982054244 
040 |a DE-603  |b ger  |c DE-603  |d DE-603  |e rda 
041 |a ger 
082 0 4 |8 1\u  |a 307.094380904  |q DE-101  |2 23/BSB 
083 7 |a 900 
084 |a 940  |q DE-101  |2 sdnb 
084 |a NQ 2360  |0 (DE-625)128255:  |0 (DE-603)410912263  |2 rvk 
084 |a NR 8618  |0 (DE-625)130088:  |0 (DE-603)410930733  |2 rvk 
084 |a NY 4780  |0 (DE-625)132360:  |0 (DE-603)410953474  |2 rvk 
084 |a NY 4770  |0 (DE-625)132359:  |0 (DE-603)410953466  |2 rvk 
085 |8 1\u  |b 307.09 
085 |8 1\u  |z 1  |s 0904 
085 |8 1\u  |z 2  |s 438 
085 |8 1\u  |z 2  |s 477 
100 1 |a Kleveman, Lutz  |d 1974-  |e Verfasser  |4 aut  |0 (DE-603)154853402  |0 (DE-588)124091652  |2 gnd 
245 0 0 |a Lemberg  |b die vergessene Mitte Europas  |c Lutz C. Kleveman 
250 |a 1. Auflage 
264 1 |a Berlin  |b Aufbau  |c 2017 
300 |a 315 Seiten  |b Illustrationen, Karten 
336 |a Text  |b txt  |2 rdacontent 
337 |a ohne Hilfsmittel zu benutzen  |b n  |2 rdamedia 
338 |a Band  |b nc  |2 rdacarrier 
500 |a Hier auch später erschienene, unveränderte Nachdrucke 
500 |a Literaturverzeichnis: Seite 306-313 
648 7 |a Geschichte  |2 gnd 
651 7 |a Lemberg  |0 (DE-588)4035304-7  |0 (DE-603)085095230  |2 gnd 
787 0 8 |i Rezensiert in  |a Höpfner, Hans-Paul, 1953-  |t [Kleveman, Lutz: Lemberg]  |o 10.3790/hpb.65.4-6.497  |w (DE-603)493383360 
787 0 8 |i Rezensiert in  |a Weise, Christian, 1960-  |t Stadt im Strudel  |h 1 Illustration  |w (DE-603)505051915 
787 0 8 |i Rezensiert in  |a Kessler, Samuel Joseph  |t [Kleveman, Lutz: Lemberg]  |w (DE-603)507423984 
856 4 2 |m X:MVB  |q text/html  |u https://deposit.dnb.de/cgi-bin/dokserv?id=0d4d8e4ea6914f09809718f6ddd2297f&prov=M&dok_var=1&dok_ext=htm  |3 Inhaltstext 
856 4 2 |m V:DE-603;B:DE-Mb50  |q application/pdf  |u https://scans.hebis.de/HEBCGI/show.pl?39998266_toc.pdf  |3 Inhaltsverzeichnis 
924 0 |9 F 42  |a (DE-603)1034370448  |b DE-F42  |c HES  |d c  |g 18 A 1646 
924 0 |9 43  |a (DE-603)1005813361  |b DE-43  |c HES  |d c  |g 60 17 A 2360 
924 0 |9 34/30  |a (DE-603)801767679  |b DE-34-30  |c HES  |d c  |g 35 NR 8618 K64 
924 0 |9 Mb 50  |a (DE-603)803378904  |b DE-Mb50  |c HES  |d c  |g 17.01235 
924 0 |9 Ds 123  |a (DE-603)804218056  |b DE-Ds123  |c HES  |d d  |g G Klev/L 
924 0 |9 Ful 2  |a (DE-603)1081972491  |b DE-Ful2  |c HES  |d d  |g 2020:0470 
924 0 |9 2080  |a (DE-603)1005953287  |b DE-2080  |c HES  |d d  |g / 
924 0 |9 26  |a (DE-603)802000851  |b DE-26  |c HES  |d c  |g 000 NR 8618 K64